LEADER 00713nam a2200169 i 4500 001 000000232052 003 CaOOAMICUS 005 20140818000000.0 008 140818s1840 it u000 u ita u 013 $a210955 040 $aSeMil$bita 245 10$aTesto. Vol. 16. 300 $a558 p. 773 0 $tSacra Bibbia di Vence.$bGiusta la quinta edizione del signor Drach con atlante e carte iconografiche corredata di nuove illustrazioni ... per cura del prof. Bartolomeo Catena.$dMilano : Presso Ant. Fort. Stella e figli, 1830-1840.$g16$w()30340 850 $aSeMil 852 $aSeMil$W1$xVenegono$y1$m2Y III 41 FA$j182398$B182398$CSeMilBibl$Z2$F193420 $8I 996 $6245$aTesto. Vol. 16$9(OLS)http://semarc/title/331144 LEADER 00849nam a2200217 i 4500 001 000000075512 003 CaOOAMICUS 005 20001009000000.0 008 001009s1928 it u000 u ita u 013 $a46684 040 $aSeMil$bita 245 10$aVol. 1. 260 $aMilano :$bEnciclopedia storico-nobiliare italiana,$c1928. 300 $a538 p., [9] c. di tav. 500 $aIn mezzo al front. : Prima ristampa. 773 0 $tEnciclopedia storico-nobiliare italiana.$dMilano : Enciclopedia storico-nobiliare italiana, 1928-1936.$gVol.1$w()6608 850 $aSeMil 852 $aSeMil$W1$xVenegono$y1$mSL1.H VIII 19$j41664$B41664$CSeMilBibl$Z2$F41668 $8I 961 $aOmaggio: Altro 996 $6245$aVol. 1$9(OLS)http://semarc/title/13429 996 $6260$aMilano :$bEnciclopedia storico-nobiliare italiana$9(OLS)http://semarc/publisher/31838